Urban open space : Designing for user needs

Salvato in:
Dettagli Bibliografici
Autore principale: Francis, Mark
Natura: Libro
Lingua:Undetermined
Pubblicazione: Washington Island Press 2003
Soggetti:
Tags: Aggiungi Tag
Nessun Tag, puoi essere il primo ad aggiungerne! !
Thư viện lưu trữ: Trung tâm Học liệu Trường Đại học Cần Thơ
LEADER 00530nam a2200193Ia 4500
001 CTU_126239
008 210402s9999 xx 000 0 und d
082 |a 712.5 
082 |b F818 
100 |a Francis, Mark 
245 0 |a Urban open space : 
245 0 |b Designing for user needs 
245 0 |c Mark Francis 
260 |a Washington 
260 |b Island Press 
260 |c 2003 
650 |a Landscape architecture,Landscape design,Open spaces 
904 |i Giang 
980 |a Trung tâm Học liệu Trường Đại học Cần Thơ